Nutrition, Food and Diet in Ageing and Longevity (Record no. 52458)

MARC details
000 -LEADER
fixed length control field 00652nam a22002057a 4500
003 - CONTROL NUMBER IDENTIFIER
control field OSt
008 - FIXED-LENGTH DATA ELEMENTS--GENERAL INFORMATION
fixed length control field 260629b |||||||| |||| 00| 0 eng d
020 ## - INTERNATIONAL STANDARD BOOK NUMBER
International Standard Book Number 9783030830175
082 ## - DEWEY DECIMAL CLASSIFICATION NUMBER
Classification number 613.2
Item number R23N
100 ## - MAIN ENTRY--PERSONAL NAME
Personal name Editers- Rattan, Suresh I.S.
245 ## - TITLE STATEMENT
Title Nutrition, Food and Diet in Ageing and Longevity
Remainder of title (Healthy Ageing and Longevity, Volume-14
Statement of responsibility, etc. Editers- Rattan, Suresh I.S.
250 ## - EDITION STATEMENT
Edition statement Volume-14
260 ## - PUBLICATION, DISTRIBUTION, ETC. (IMPRINT)
Place of publication, distribution, etc Switzerland
Name of publisher, distributor, etc Springer Nature
Date of publication, distribution, etc 2021
300 ## - PHYSICAL DESCRIPTION
Extent 642p.xv.
650 ## - SUBJECT ADDED ENTRY--TOPICAL TERM
Topical term or geographic name as entry element Older people $x Nutrition.
650 ## - SUBJECT ADDED ENTRY--TOPICAL TERM
Topical term or geographic name as entry element Longevity $x Nutritional aspects.
650 ## - SUBJECT ADDED ENTRY--TOPICAL TERM
Topical term or geographic name as entry element Diet $x Age factors.
700 ## - ADDED ENTRY--PERSONAL NAME
Personal name Kaur, Gurcharan
942 ## - ADDED ENTRY ELEMENTS (KOHA)
Source of classification or shelving scheme
Koha item type Books
Holdings
Withdrawn status Lost status Source of classification or shelving scheme Damaged status Not for loan Home library Current library Shelving location Date acquired Source of acquisition Currency Cost, normal purchase price Total Checkouts Full call number Barcode Date last seen Bill Date Koha item type Bill Number
          Dr. Rajendra Prasad Central Agricultural University Pusa, Dr. Rajendra Prasad Central Agricultural University Pusa, General Stacks 29/06/2026 TTPP, New Delhi INR 18981.00   613.2 R23N 87750 29/06/2026 29/01/2026 Books IN-00449
Hosted, Implemented, Customized & Maintained by: BestBookBuddies

Powered by Koha